Danganronpa: Trigger Happy Havoc OST Quiz - Statistics

General Stats
  • This quiz has been taken 18 times
  • The average score is 11 of 63
Answer Stats
When Track Plays Answer % Correct
Intro DANGANRONPA
85%
Title Danganronpa!
85%
DANGANRONPA (DR Version)
85%
Trial - Minigame Hangman's Gambit
46%
Cutscene MOMOMOMonokuma!
46%
Trial - Minigame Closing Argument
38%
Trial Argument -BREAK-
31%
Trial Class Trial (The Sun)
31%
Chapter Theme 100 Mile Junk Food Dash
23%
Chapter Theme All Star Apologies
23%
BOX 15
23%
BOX 16
23%
Trial Class Trial (Chaos)
23%
Trial Class Trial (Dawn)
23%
Body Discovery Despair Pollution Noise Music
23%
Execution The Burning of the Versailles Witch
23%
Execution The Cage of Death
23%
Trial Argument -HEAT UP-
15%
Beautiful Days
15%
Chapter Theme Boys' Life of Despair
15%
Chapter End Chapter 1
15%
Chapter End Chapter 2
15%
Chapter End Chapter 3
15%
Chapter End Chapter 4
15%
Chapter End Chapter 5
15%
Chapter End Chapter 6
15%
Trial - Minigame Climactic Re-enactment
15%
Despair Syndrome (1)
15%
Despair Syndrome (2)
15%
DISTRUST
15%
Execution Extra Lessons for the Mysterious
15%
Execution Extra Lessons for the Unlucky
15%
Cutscene Mr. Monokuma's Lesson
15%
New World Order
15%
Execution Punishment Rocket
15%
Execution Shovel Master
15%
Execution Thousand Knocks
15%
Chapter Theme To Survive
15%
Jingle Truth Bullet Get
15%
Trial Underground Trial
15%
Trial Argument -HOPE VS DESPAIR-
8%
Trial Argument -MIX-(EDGE Version)
8%
Beautiful Death
8%
Beautiful Morning
8%
Trial - Minigame B.T.B.
8%
Goodbye, Despair Academy
8%
Jingle Our Report Cards
8%
Jingle Present Get
8%
Chapter End Prologue - Credits
8%
Cutscene Radio Exercise Ansatsuken
8%
Jingle Rare Present Get
8%
Credits Rebirth -rebuild-
8%
Trial - Minigame SUPER B.T.B.
8%
Trial - Minigame SUPER FINAL B.T.B.
8%
Jingle That Person Saw It!
8%
Chapter Theme Welcome to Despair
8%
Jingle Activation - Electronic Student Handbook
0%
Jingle Chapter Results
0%
Death Wish
0%
Jingle MonoMono Machine!
0%
Mr. Monokuma's Extracurricular Lesson
0%
Jingle Phase Results
0%
Execution Super High-School Level Despair-inducing Punishment
0%
No matching quizzes found
Score Distribution
Percent of People with Each Score
Percentile by Number Answered
Your Score History
You have not taken this quiz